Research in early childhood

Guardat en:
Dades bibliogràfiques
Autor principal: NOLAN, Andrea
Format: Llibre
Idioma:anglès
Publicat: Sage Publications 2013
Etiquetes: Afegir etiqueta
Sense etiquetes, Sigues el primer a etiquetar aquest registre!

MARC

LEADER 00000nam a22000007a 4500
008 210329b ||||| |||| 00| 0 eng d
020 |a 978-0-85702-254-7 
100 |a NOLAN, Andrea. 
245 |a Research in early childhood  |c Andrea Nolan, Kym Macfarlane and Jennifer Cartmel  |g x; 190p.; ill. 
260 |b Sage Publications  |c 2013  |h Los Angeles  |i 692338  |i 692339  |l LB1139.225 .N71  |m Early childhood education – Research – Methodology. 
500 |a “It includes index and references” 
942 |a lcc  |c BK  |e YUNUSA, A.A.  |f 29/3/21 
952 |0 0  |1 0  |2 lcc  |4 0  |6 LB1139225 N71  |7 0  |9 1991  |a HOL  |b ED  |c LP  |d 2021-03-29  |l 0  |o LB1139.225 .N71  |p 2021-5852  |r 2021-03-29 00:00:00  |w 2021-03-29  |y BK 
952 |0 0  |1 0  |2 lcc  |4 0  |6 LB1139225 N71  |7 0  |9 1992  |a HOL  |b HOL  |c LP  |d 2021-03-29  |l 0  |o LB1139.225 .N71  |p 2021-5853  |r 2021-03-29 00:00:00  |w 2021-03-29  |y BK 
999 |c 1044  |d 1044